| 000 | 005270000a22001810004500 | ||
|---|---|---|---|
| 003 | MACL | ||
| 005 | 20160417163212.0 | ||
| 008 | 160417b xxu||||| |||| 00| 0 eng d | ||
| 040 |
_aMACL _cMACL |
||
| 041 | _aHindi | ||
| 082 | _a070 | ||
| 100 |
_aप्रभाकर मनोहर _952731 |
||
| 245 | _aपत्रकारी लेखन के आयाम | ||
| 260 |
_bपंचशील प्रकाशन _c2004 _aजयपुर |
||
| 350 | _a300 | ||
| 650 |
_aJournalism _952732 |
||
| 942 |
_cHIN _k070 _2ddc |
||
| 999 |
_c10034 _d10034 |
||